Popes of the Catholic Church - Statistics

General Stats
  • This quiz has been taken 12,618 times
    859 since last reset
  • The average score is 145 of 267
Answer Stats
Hint Answer % Correct
2013-2025 Francis
98%
523-526 John I
98%
533-535 John II
98%
561-574 John III
98%
640-642 John IV
98%
898-900 John IX
98%
685-686 John V
98%
701-705 John VI
98%
705-707 John VII
98%
872-882 John VIII
98%
914-928 John X
98%
931-935 John XI
98%
955-964 John XII
98%
965-972 John XIII
98%
983-984 John XIV
98%
1024-1032 John XIX
98%
985-996 John XV
98%
1003 John XVII
98%
1004-1009 John XVIII
98%
1276-1277 John XXI
98%
1316-1334 John XXII
98%
1958-1963 John XXIII
98%
440-461 Leo I
98%
682-683 Leo II
98%
795-816 Leo III
98%
847-855 Leo IV
98%
1049-1054 Leo IX
98%
903 Leo V
98%
928 Leo VI
98%
936-939 Leo VII
98%
963-965 Leo VIII
98%
1513-1521 Leo X
98%
1605 Leo XI
98%
1823-1829 Leo XII
98%
1878-1903 Leo XIII
98%
2025-Present Leo XIV
98%
1978 John Paul I
94%
1978-2005 John Paul II
94%
575-579 Benedict I
93%
684-685 Benedict II
93%
855-858 Benedict III
93%
900-903 Benedict IV
93%
1032-1044 | 1045 | 1047-1048 Benedict IX
93%
964 Benedict V
93%
973-974 Benedict VI
93%
974-983 Benedict VII
93%
1012-1024 Benedict VIII
93%
1303-1304 Benedict XI
93%
1334-1342 Benedict XII
93%
1724-1730 Benedict XIII
93%
1740-1758 Benedict XIV
93%
1914-1922 Benedict XV
93%
2005-2013 Benedict XVI
93%
30-67 Peter
91%
757-767 Paul I
90%
1464-1472 Paul II
90%
1534-1549 Paul III
90%
1555-1559 Paul IV
90%
1605-1621 Paul V
90%
1963-1978 Paul VI
90%
140-154 Pius I
86%
1458-1464 Pius II
86%
1503 Pius III
86%
1559-1565 Pius IV
86%
1846-1878 Pius IX
86%
1566-1572 Pius V
86%
1775-1799 Pius VI
86%
1800-1823 Pius VII
86%
1829-1830 Pius VIII
86%
1903-1914 Pius X
86%
1922-1939 Pius XI
86%
1939-1958 Pius XII
86%
401-417 Innocent I
74%
1130-1143 Innocent II
74%
1198-1216 Innocent III
74%
1243-1254 Innocent IV
74%
1591 Innocent IX
74%
1276 Innocent V
74%
1352-1362 Innocent VI
74%
1404-1406 Innocent VII
74%
1484-1492 Innocent VIII
74%
1644-1655 Innocent X
74%
1676-1689 Innocent XI
74%
1691-1700 Innocent XII
74%
1721-1724 Innocent XIII
74%
222-230 Urban I
69%
1088-1099 Urban II
69%
1185-1187 Urban III
69%
1261-1264 Urban IV
69%
1362-1370 Urban V
69%
1378-1389 Urban VI
69%
1590 Urban VII
69%
1623-1644 Urban VIII
69%
92-99 Clement I
67%
1046-1047 Clement II
67%
1187-1191 Clement III
67%
1265-1268 Clement IV
67%
1667-1669 Clement IX
67%
1305-1314 Clement V
67%
1342-1352 Clement VI
67%
1523-1534 Clement VII
67%
1592-1605 Clement VIII
67%
1670-1676 Clement X
67%
1700-1721 Clement XI
67%
1730-1740 Clement XII
67%
1758-1769 Clement XIII
67%
1769-1774 Clement XIV
67%
590-604 Gregory I
66%
715-731 Gregory II
66%
731-741 Gregory III
66%
827-844 Gregory IV
66%
1227-1241 Gregory IX
66%
996-999 Gregory V
66%
1045-1046 Gregory VI
66%
1073-1085 Gregory VII
66%
1187 Gregory VIII
66%
1271-1276 Gregory X
66%
1370-1378 Gregory XI
66%
1406-1415 Gregory XII
66%
1572-1585 Gregory XIII
66%
1590-1591 Gregory XIV
66%
1621-1623 Gregory XV
66%
1831-1846 Gregory XVI
66%
106-115 Alexander I
58%
1061-1073 Alexander II
58%
1159-1181 Alexander III
58%
1254-1261 Alexander IV
58%
1492-1503 Alexander VI
58%
1655-1667 Alexander VII
58%
1689-1691 Alexander VIII
58%
115-127 Sixtus I
46%
257-258 Sixtus II
46%
432-440 Sixtus III
46%
1471-1484 Sixtus IV
46%
1585-1590 Sixtus V
46%
337-352 Julius I
45%
1503-1513 Julius II
45%
1550-1555 Julius III
45%
336 Mark
44%
254-257 Stephen I
43%
752-757 Stephen II
43%
768-772 Stephen III
43%
816-817 Stephen IV
43%
1057-1058 Stephen IX
43%
885-891 Stephen V
43%
896-897 Stephen VI
43%
928-931 Stephen VII
43%
939-942 Stephen VIII
43%
67-79 Linus
41%
772-795 Adrian I
40%
867-872 Adrian II
40%
884-885 Adrian III
40%
1154-1159 Adrian IV
40%
1276 Adrian V
40%
1522-1523 Adrian VI
40%
418-422 Boniface I
40%
530-532 Boniface II
40%
607 Boniface III
40%
608-615 Boniface IV
40%
1389-1404 Boniface IX
40%
619-625 Boniface V
40%
896 Boniface VI
40%
1294-1303 Boniface VIII
40%
649-653 Martin I
35%
1281-1285 Martin IV
35%
1417-1431 Martin V
35%
858-867 Nicholas I
35%
1059-1061 Nicholas II
35%
1277-1280 Nicholas III
35%
1288-1292 Nicholas IV
35%
1447-1455 Nicholas V
35%
79-92 Anacletus
33%
422-432 Celestine I
31%
1143-1144 Celestine II
31%
1191-1198 Celestine III
31%
1241 Celestine IV
31%
1294 Celestine V
31%
708-715 Constantine
31%
189-199 Victor I
31%
1055-1057 Victor II
31%
1086-1087 Victor III
31%
625-638 Honorius I
29%
1124-1130 Honorius II
29%
1216-1227 Honorius III
29%
1285-1287 Honorius IV
29%
308-309 Marcellus I
28%
1555 Marcellus II
28%
314-335 Sylvester I
27%
999-1003 Sylvester II
27%
1045 Sylvester III
27%
217-222 Callixtus I
26%
1119-1124 Callixtus II
26%
1455-1458 Callixtus III
26%
253-254 Lucius I
26%
1144-1145 Lucius II
26%
1181-1185 Lucius III
26%
399-401 Anastasius I
24%
496-498 Anastasius II
24%
911-913 Anastasius III
24%
1153-1154 Anastasius IV
24%
654-657 Eugene I
24%
824-827 Eugene II
24%
1145-1153 Eugene III
24%
1431-1447 Eugene IV
24%
269-274 Felix I
24%
483-492 Felix III
24%
526-530 Felix IV
24%
251-253 Cornelius
22%
366-384 Damasus I
22%
1048 Damasus II
22%
891-896 Formosus
22%
236-250 Fabian
21%
827 Valentine
21%
741-752 Zachary
21%
687-701 Sergius I
20%
844-847 Sergius II
20%
904-911 Sergius III
20%
1009-1012 Sergius IV
20%
642-649 Theodore I
20%
898 Theodore II
20%
492-496 Gelasius I
19%
1118-1119 Gelasius II
19%
461--468 Hilarius
18%
913-914 Lando
18%
296-304 Marcellinus
18%
127-136 Telesphorus
18%
99-107 Evaristus
17%
882-884 Marinus I
17%
942-946 Marinus II
17%
817-824 Paschal I
17%
1099-1118 Paschal II
17%
167-174 Soter
17%
535-536 Agapetus I
16%
946-955 Agapetus II
16%
556-561 Pelagius I
16%
579-590 Pelagius II
16%
897 Romanus
16%
686-687 Conon
15%
259-268 Dionysius
15%
676-678 Donus
15%
514-523 Hormisdas
15%
136-140 Hyginus
15%
230-235 Pontian
15%
615-618 Adeodatus I
14%
672-676 Adeodatus II
14%
678-681 Agatho
14%
310 Eusebius
14%
498-514 Symmachus
14%
417-418 Zosimus
14%
154-167 Anicetus
13%
283-296 Caius
13%
275-283 Eutychian
13%
352-366 Liberius
13%
311-314 Miltiades
13%
235-236 Anterus
12%
174-189 Eleutherius
12%
604-606 Sabinian
12%
640 Severinus
12%
536-537 Silverius
12%
708 Sisinnius
12%
657-672 Vitalian
12%
199-217 Zephyrinus
12%
384-399 Siricius
11%
537-555 Vigilius
11%
468-483 Simplicius
10%
No matching quizzes found
Score Distribution
Percent of People with Each Score
Percentile by Number Answered
Your Score History
You have not taken this quiz since the last reset